Pokémon - Les attaques de Krabby - Statistiques

Statistiques générales
  • Ce quiz a été pris 16 fois
  • Le résultat moyen est 9 sur 14
Statistiques - réponses
Niveaux Types Noms des attaques % Correct
Niveau 44 Eau Pince-Masse
85%
Départ Eau Pistolet à O
85%
Niveau 4 Normal Armure
77%
Niveau 20 Eau Bulles d'O
77%
Niveau 8 Acier Griffe Acier
77%
Niveau 12 Sol Tir de Boue
77%
Départ Normal Groz'Yeux
69%
Niveau 24 Normal Écrasement
62%
Niveau 29 Normal Gigotage
62%
Niveau 48 Normal Guillotine
62%
Niveau 16 Normal Abri
54%
Niveau 36 Normal Souplesse
54%
Niveau 32 Eau Coqui-Lame
46%
Niveau 40 Normal Danse Lames
46%
Aucun quiz correspondant
Distribution des résultats
% des personnes avec chaque résultat
Percentile par nombre de réponses
Votre historique - résultats
Vous n’avez pas pris ce quiz